000 00468nam a2200193Ia 4500
005 20240823050635.0
008 240823s9999||||xx |||||||||||||| ||und||
020 _a978-81-7992-935-3
041 _aENGLISH
082 _A658.406095 Q1
100 _aMark Hughes
245 0 _aChange Management in Organisations
250 _a1st
260 _c2011
_bJaico
500 _aYES
650 _aChange Management
_bManagement Studies
942 _cBK
999 _c217718
_d217718